000 01666nam a2200373K 4500
001 9067270
003 ARRUPE
005 20160122113422.0
006 m d
007 cr bn||||||abp
007 cr bn||||||ada
008 110606s1911 enkbcf o 000 0 eng d
035 _a(OCoLC)ocn729306714
035 _a(OCoLC)729306714
040 _aOCLCE
_beng
_cOCLCE
043 _af------
049 _aZCUA
050 4 _aSPC DT434.E2
_bB7
082 0 4 _a967.6
_bB791Y
100 1 _aBoyes, John,
_d1874-
_921721
245 1 0 _aJohn Boyes, king of the Wa-Kikuyu.
_bA true story of travel and adventure in Africa,
_cwritten by himself, ed. by C.W.L. Bulpett; with twelve illustrations and a map.
260 _aLondon,
_bMethuen & Co.
_c1912
300 _axv, 320 p.;
_bfront. (port.) plates, map.
_c23 cm.
500 _aAmerican edition published in 1912 under title: A white king in East Africa; the remarkable adventures of John Boyes ...
506 _3Use copy
_fRestrictions unspecified
_2star
_5MiAaHDL
533 _aElectronic reproduction.
_b[S.l.] :
_cHathiTrust Digital Library,
_d2011.
538 _aMaster and use copy. Digital master created according to Benchmark for Faithful Digital Reproductions of Monographs and Serials, Version 1. Digital Library Federation, December 2002.
_uhttp://purl.oclc.org/DLF/benchrepro0212
583 1 _adigitized
_c2011
_hHathiTrust Digital Library
_lcommitted to preserve
_2pda
_5MiAaHDL
650 0 _aKikuyu (African people)
_913107
651 0 _aAfrica, British East.
_921722
700 1 _aBulpett, C. W. L.,
_eed.
_921723
776 1 _cOriginal
_w(DLC)a 14001205
_w(OCoLC)10543140
942 _2lcc
_cMONOGRAPH
999 _c124008
_d124008